Prostorová akustika : vysokoškolská příručka pro vysoké školy technického směru /

Uložené v:
Podrobná bibliografia
Hlavní autori: Kolmer, Felix (Author), Kyncl, Jaroslav (Author)
Médium: Kniha
Jazyk:Czech
Vydané: Praha : Bratislava : Státní nakladatelství technické literatury Alfa, 1980.
Vydanie:1. vyd.
Edícia:Redakce elektrotechnické literatury
ISBN: (viaz.)
Fyzický popis: 242 s.
Tagy: Pridať tag
Žiadne tagy, Buďte prvý kto otaguje tento záznam!

MARC

LEADER 00000nam a2200000 a 4500
001 000148708
005 20091225165627.0
008 040101s1980 xr e cze d
020 |a (viaz.) 
040 |a SVKKK  |b slo  |c SVKKK  |e AACR2 
041 0 |a cze 
044 |a xr  |c CZ 
100 1 |a Kolmer, Felix  |4 aut 
245 1 0 |a Prostorová akustika :  |b vysokoškolská příručka pro vysoké školy technického směru /  |c Felix Kolmer, Jaroslav Kyncl. 
250 |a 1. vyd. 
260 |a Praha :  |b Státní nakladatelství technické literatury  |a Bratislava :  |b Alfa,  |c 1980. 
300 |a 242 s. 
490 1 |a Redakce elektrotechnické literatury 
700 1 |a Kyncl, Jaroslav  |4 aut 
910 |a svkkk 
998 |a BK 
090 |g SCKHL  |k Sklad Pribinova 1. posch.  |a IV.111611  |j 622820  |i 2720156066  |s Absenčne 
090 |g SCKHL  |k Sklad Pribinova 1. posch.  |a IV.111786  |i 2720219320  |s Absenčne 
090 |g SCKHL  |k Sklad Pribinova 1. posch.  |a IV.111787  |i 2720010727  |s Absenčne